[Event "14th EUR-ch"]
[Site "Minsk BLR"]
[Date "2017.06.01"]
[Round "3.42"]
[White "Kravtsiv, Martyn"]
[Black "Ladva, Ottomar"]
[Result "1/2-1/2"]
[WhiteElo "2653"]
[BlackElo "2530"]
[EventDate "2017.05.30"]
[PlyCount "33"]

1.e4 e5 2.Nf3 Nf6 3.Nxe5 d6 4.Nf3 Nxe4 5.d4 d5 6.Bd3 Nc6 7.O-O Be7 8.c4 
Nb4 9.cxd5 Nxd3 10.Qxd3 Qxd5 11.Re1 Bf5 12.g4 Bg6 13.Nc3 Nxc3 14.Qxc3 f6 
15.Qxc7 O-O 16.Rxe7 Qxf3 17.Rxg7+ 1/2-1/2

[Event "14th EUR-ch"]
[Site "Minsk BLR"]
[Date "2017.06.01"]
[Round "3.43"]
[White "Djukic, Nikola"]
[Black "Khismatullin, Denis"]
[Result "0-1"]
[WhiteElo "2526"]
[BlackElo "2651"]
[EventDate "2017.05.30"]
[PlyCount "66"]

1.e4 c5 2.Nf3 d6 3.d4 cxd4 4.Nxd4 Nf6 5.Nc3 a6 6.g3 e5 7.Nde2 Be6 8.Bg2 h5
9.Bg5 Nbd7 10.f4 Be7 11.b3 Bg4 12.h3 Bxe2 13.Nxe2 Qb6 14.Qd2 Rc8 15.O-O-O 
O-O 16.Kb2 Rc7 17.Rhf1 Rfc8 18.Rc1 Nc5 19.Nc3 Qb4 20.fxe5 dxe5 21.Nb1 Na4+
22.Ka1 Nc3 23.Nxc3 Rxc3 24.Bxf6 Bxf6 25.Rf3 Bg5 26.Qxg5 Rxc2 27.Rxc2 Rxc2 
28.Qd8+ Kh7 29.Qd1 Rd2 30.Qc1 Rxg2 31.Rxf7 Qd4+ 32.Kb1 Rg1 33.Rf1 Qd3+ 0-1

[Event "14th EUR-ch"]
[Site "Minsk BLR"]
[Date "2017.06.01"]
[Round "3.44"]
[White "Sargissian, Gabriel"]
[Black "Alsina Leal, Daniel"]
[Result "1/2-1/2"]
[WhiteElo "2650"]
[BlackElo "2530"]
[EventDate "2017.05.30"]
[PlyCount "144"]

1.c4 e5 2.g3 c6 3.Nf3 e4 4.Nd4 d5 5.cxd5 Qxd5 6.Nc2 Nf6 7.Bg2 Qh5 8.h3 Qg6
9.b3 Nbd7 10.Nc3 Bc5 11.Ne3 O-O 12.Qc2 Re8 13.Bb2 Bf8 14.g4 Nc5 15.b4 Na6 
16.a3 Nc7 17.Rg1 a5 18.bxa5 Rxa5 19.a4 Ncd5 20.Bh1 Nxc3 21.Bxc3 Ra6 22.a5 
Nd5 23.Bd4 c5 24.Bb2 Nxe3 25.dxe3 b5 26.axb6 Rxb6 27.Bc3 Bd7 28.Kf1 Qe6 
29.Kg2 h5 30.Kf1 hxg4 31.hxg4 Qc4 32.Rc1 Rg6 33.Bd2 Qxc2 34.Rxc2 Bxg4 35.
f3 Bh3+ 36.Kf2 Rxg1 37.Kxg1 Be6 38.fxe4 Bb3 39.Rc1 c4 40.Bc3 Bd6 41.e5 
Bxe5 42.Bd5 Bxc3 43.Rxc3 Rc8 44.e4 Kf8 45.Kf2 Ke7 46.Ke3 g5 47.Kd4 g4 48.
Rg3 Rg8 49.e5 Rg5 50.e4 Kf8 51.Ke3 Ba2 52.Kf4 Rg6 53.Ra3 g3 54.Rxa2 g2 55.
Rxg2 Rxg2 56.Bxc4 Rf2+ 57.Kg5 Ke7 58.Bd5 Rf1 59.Bc4 Rf3 60.Bd5 Rf2 61.Bc4 
Kd8 62.Bd5 Kd7 63.Kg4 Ke7 64.Kg5 f6+ 65.exf6+ Rxf6 66.Kg4 Kd6 67.Kg5 Ke5 
68.Kg4 Rf2 69.Kg3 Rc2 70.Kf3 Rc3+ 71.Kg4 Ra3 72.Bb7 Rb3 1/2-1/2

[Event "14th EUR-ch"]
[Site "Minsk BLR"]
[Date "2017.06.01"]
[Round "3.45"]
[White "Kveinys, Aloyzas"]
[Black "Swiercz, Dariusz"]
[Result "1/2-1/2"]
[WhiteElo "2520"]
[BlackElo "2649"]
[EventDate "2017.05.30"]
[PlyCount "72"]

1.d4 Nf6 2.c4 e6 3.g3 d5 4.Nf3 Bb4+ 5.Bd2 Be7 6.Bg2 O-O 7.O-O Nbd7 8.Qc2 
c6 9.Bf4 Ne4 10.Nfd2 g5 11.Nxe4 gxf4 12.Ned2 fxg3 13.hxg3 f5 14.Nc3 Nf6 
15.Nf3 Bd7 16.Ne5 Bd6 17.cxd5 cxd5 18.Qd2 Be8 19.Qe3 Qe7 20.Bf3 Qg7 21.Kg2
Rd8 22.Rh1 Ne4 23.Qh6 Qxh6 24.Rxh6 Bxe5 25.dxe5 Ng5 26.Rah1 d4 27.Nb1 d3 
28.Rd1 dxe2 29.Bxe2 Bc6+ 30.Kf1 Kg7 31.Rxd8 Rxd8 32.Rf6 Bd7 33.Nc3 h6 34.
Bh5 Be8 35.g4 Bxh5 36.gxh5 Rd2 1/2-1/2

[Event "14th EUR-ch"]
[Site "Minsk BLR"]
[Date "2017.06.01"]
[Round "3.46"]
[White "Lysyj, Igor"]
[Black "Sivuk, Vitaly"]
[Result "1/2-1/2"]
[WhiteElo "2643"]
[BlackElo "2520"]
[EventDate "2017.05.30"]
[PlyCount "43"]

1.d4 d5 2.c4 c6 3.Nf3 Nf6 4.e3 Bg4 5.h3 Bxf3 6.Qxf3 e6 7.Nc3 Nbd7 8.cxd5 
exd5 9.Bd3 Bd6 10.g4 Nf8 11.Bd2 Ne6 12.Qg2 Qe7 13.O-O-O O-O-O 14.Kb1 Kb8 
15.h4 Nd7 16.g5 g6 17.f3 Rhe8 18.Rhe1 Nb6 19.Qg4 Qd7 20.h5 a6 21.Ne2 c5 
22.hxg6 1/2-1/2

[Event "14th EUR-ch"]
[Site "Minsk BLR"]
[Date "2017.06.01"]
[Round "3.47"]
[White "Sanikidze, Tornike"]
[Black "Lenic, Luka"]
[Result "0-1"]
[WhiteElo "2518"]
[BlackElo "2641"]
[EventDate "2017.05.30"]
[PlyCount "78"]

1.d4 Nf6 2.c4 e6 3.Nc3 Bb4 4.e3 O-O 5.Bd3 c5 6.Nf3 d5 7.O-O Nc6 8.cxd5 
exd5 9.dxc5 Bxc5 10.h3 a6 11.b3 Qe7 12.Bb2 Rd8 13.Rc1 Be6 14.Ne2 Bd6 15.
Ned4 Bd7 16.Nxc6 bxc6 17.Qc2 c5 18.Rfd1 h6 19.Bf5 Be6 20.Bxe6 fxe6 21.Qg6 
a5 22.Ne5 a4 23.bxa4 Rxa4 24.Qc2 Rda8 25.a3 c4 26.Nc6 Qf7 27.Nd8 Qe8 28.
Bxf6 gxf6 29.Nxe6 Qxe6 30.Qg6+ Kf8 31.Qxh6+ Ke7 32.e4 dxe4 33.Qg7+ Ke8 34.
Rb1 R4a7 35.Qg6+ Kf8 36.Qh6+ Kg8 37.Rb5 Bf8 38.Rg5+ Rg7 39.Rdd5 Qxd5 0-1

[Event "14th EUR-ch"]
[Site "Minsk BLR"]
[Date "2017.06.01"]
[Round "3.48"]
[White "Dastan, Muhammed Batuhan"]
[Black "Edouard, Romain"]
[Result "1-0"]
[WhiteElo "2519"]
[BlackElo "2640"]
[EventDate "2017.05.30"]
[PlyCount "115"]

1.e4 e6 2.d4 d5 3.e5 c5 4.c3 Nc6 5.Nf3 Qb6 6.a3 Nh6 7.b4 cxd4 8.Bxh6 gxh6 
9.cxd4 Bd7 10.Ra2 Rg8 11.g3 Rg4 12.Rd2 a5 13.b5 Re4+ 14.Be2 Qxb5 15.O-O 
Qb6 16.Bd3 Rxd4 17.Nxd4 Qxd4 18.Re1 Bg7 19.Bxh7 Qc5 20.Rc2 Qd4 21.Rd2 Qc5 
22.Qh5 Rc8 23.Kg2 Kf8 24.Rc2 Qd4 25.f4 Ne7 26.Rxc8+ Bxc8 27.Qd1 Qxd1 28.
Rxd1 f6 29.exf6 Bxf6 30.Bd3 Bd7 31.Nd2 Nc8 32.Nf3 Nd6 33.Ne5 Be8 34.Re1 b5
35.Ng4 Bb2 36.Rxe6 Bxa3 37.Rxh6 a4 38.Rh8+ Ke7 39.f5 Bb2 40.Rh7+ Nf7 41.
f6+ Ke6 42.Rg7 a3 43.Bb1 b4 44.Rg8 Bb5 45.Rb8 Nd6 46.Ra8 b3 47.Ra7 d4 48.
Be4 Bd7 49.Bh7 a2 50.Bg8+ Kf5 51.Ra5+ Bb5 52.f7 Nxf7 53.Bxf7 Ke4 54.Rxb5 
Kd3 55.Rxb3+ Bc3 56.Ra3 a1=Q 57.Rxa1 Bxa1 58.Bg6+ 1-0

[Event "14th EUR-ch"]
[Site "Minsk BLR"]
[Date "2017.06.01"]
[Round "3.50"]
[White "Romanov, Evgeny"]
[Black "Mastrovasilis, Athanasios"]
[Result "1/2-1/2"]
[WhiteElo "2636"]
[BlackElo "2512"]
[EventDate "2017.05.30"]
[PlyCount "133"]

1.c4 e6 2.g3 Nf6 3.Bg2 d5 4.Nf3 Be7 5.O-O O-O 6.b3 b6 7.Bb2 Bb7 8.e3 Nbd7 
9.Nc3 Ne4 10.cxd5 Nxc3 11.dxc3 exd5 12.Nd4 Nc5 13.c4 Bf6 14.b4 Ne4 15.Qc2 
c5 16.bxc5 bxc5 17.Nf5 Qd7 18.cxd5 Bxd5 19.Nxg7 Bxb2 20.Qxb2 Rab8 21.Qe5 
f6 22.Qf5 Qxf5 23.Nxf5 Ba8 24.Rac1 Rb2 25.Rc4 Nd2 26.Bxa8 Rxa8 27.Rg4+ Kf8
28.Rd1 c4 29.Kg2 c3 30.Rh4 c2 31.Rc1 Rc8 32.Rxh7 Kg8 33.Rxa7 Rb1 34.Ne7+ 
Kf8 35.Nxc8 Rxc1 36.Rc7 Nb1 37.Nd6 Na3 38.Nf5 Rd1 39.Rc8+ Kf7 40.Rc7+ Kf8 
41.Rc8+ Kf7 42.Rc7+ Ke8 43.Rc8+ Kd7 44.Rxc2 Nxc2 45.g4 Nb4 46.a3 Nc6 47.h4
Ne5 48.f3 Ra1 49.h5 Rxa3 50.Kg3 Ke6 51.Nd4+ Kf7 52.Nf5 Nc4 53.Kf2 Rd3 54.
f4 Nd6 55.Ke2 Rd5 56.Ng3 f5 57.g5 Ne4 58.Kf3 Nxg3 59.Kxg3 Rd3 60.Kf3 Ra3 
61.Kf2 Ra2+ 62.Kf3 Rh2 63.h6 Ra2 64.Kg3 Kg6 65.Kf3 Rb2 66.Kg3 Rb1 67.Kf3 
1/2-1/2

[Event "14th EUR-ch"]
[Site "Minsk BLR"]
[Date "2017.06.01"]
[Round "3.51"]
[White "Jurcik, Marian"]
[Black "Savchenko, Boris"]
[Result "1/2-1/2"]
[WhiteElo "2501"]
[BlackElo "2634"]
[EventDate "2017.05.30"]
[PlyCount "51"]

1.e4 e6 2.d4 d5 3.Nd2 Be7 4.Ngf3 Nf6 5.Bd3 c5 6.e5 Nfd7 7.c3 Nc6 8.O-O a5 
9.Re1 cxd4 10.cxd4 Qb6 11.Nb1 Nxd4 12.Nxd4 Qxd4 13.Nc3 Bc5 14.Qc2 Qg4 15.
Nb5 O-O 16.Bxh7+ Kh8 17.Bd3 b6 18.Be2 Bxf2+ 19.Kxf2 Qh4+ 20.Kf1 f6 21.Be3 
Qxh2 22.Kf2 Qh4+ 23.Kg1 Nxe5 24.Qd2 Ng4 25.Bxg4 Qxg4 26.Qd4 1/2-1/2

[Event "14th EUR-ch"]
[Site "Minsk BLR"]
[Date "2017.06.01"]
[Round "3.52"]
[White "Blubaum, Matthias"]
[Black "Soffer, Ram"]
[Result "1/2-1/2"]
[WhiteElo "2632"]
[BlackElo "2508"]
[EventDate "2017.05.30"]
[PlyCount "100"]

1.d4 d5 2.c4 c6 3.Nf3 Nf6 4.g3 Bf5 5.Nc3 e6 6.Nh4 Bg4 7.f3 Bh5 8.Qb3 Qb6 
9.c5 Qxb3 10.axb3 Nfd7 11.g4 Be7 12.Nf5 exf5 13.gxh5 Bh4+ 14.Kd2 Bf6 15.
Kd3 Na6 16.Na2 Nc7 17.e3 Ne6 18.b4 a6 19.f4 g6 20.Nc3 Nc7 21.h4 Be7 22.Be2
Nf6 23.Bd2 O-O-O 24.Rag1 Ne6 25.Bf3 Ng7 26.h6 Ne6 27.h5 Ng8 28.Ra1 Nxh6 
29.b5 axb5 30.Ra8+ Kd7 31.Ra7 Rb8 32.hxg6 hxg6 33.Nxd5 cxd5 34.Bxd5 Nd8 
35.Ra5 Bf6 36.Rxb5 Ng4 37.Rxh8 Bxh8 38.Rb6 Nf6 39.Bc4 Ra8 40.Be1 Kc7 41.
Bh4 Ne6 42.Bxf6 Bxf6 43.Bd5 Ra7 44.b4 Bh4 45.Bxe6 fxe6 46.Rxe6 Ra6 47.Re8 
Kd7 48.Rb8 Kc7 49.Re8 Kd7 50.Rb8 Kc7 1/2-1/2

[Event "14th EUR-ch"]
[Site "Minsk BLR"]
[Date "2017.06.01"]
[Round "3.53"]
[White "Matinian, Nikita"]
[Black "Andriasian, Zaven"]
[Result "1/2-1/2"]
[WhiteElo "2491"]
[BlackElo "2622"]
[EventDate "2017.05.30"]
[PlyCount "33"]

1.e4 c6 2.Nc3 d5 3.Nf3 Bg4 4.h3 Bxf3 5.Qxf3 e6 6.d4 Nf6 7.Bd3 dxe4 8.Nxe4 
Nxe4 9.Qxe4 Nd7 10.c3 g6 11.Qf3 Bg7 12.Bf4 O-O 13.O-O e5 14.dxe5 Nxe5 15.
Bxe5 Bxe5 16.Rad1 Qc7 17.Rfe1 1/2-1/2

[Event "14th EUR-ch"]
[Site "Minsk BLR"]
[Date "2017.06.01"]
[Round "3.54"]
[White "Popov, Ivan"]
[Black "Godena, Michele"]
[Result "1/2-1/2"]
[WhiteElo "2618"]
[BlackElo "2506"]
[EventDate "2017.05.30"]
[PlyCount "37"]

1.e4 e5 2.Nf3 Nc6 3.Bc4 Bc5 4.c3 Nf6 5.d4 exd4 6.e5 d5 7.Bb5 Ne4 8.cxd4 
Bb6 9.Nc3 O-O 10.Be3 Bd7 11.Bd3 Bg4 12.Qa4 Nxc3 13.bxc3 f6 14.exf6 Qxf6 
15.Be2 Rae8 16.O-O Ne7 17.h3 Bxf3 18.Bxf3 c6 19.Bg4 1/2-1/2

[Event "14th EUR-ch"]
[Site "Minsk BLR"]
[Date "2017.06.01"]
[Round "3.55"]
[White "Kozul, Zdenko"]
[Black "Firat, Burak"]
[Result "1-0"]
[WhiteElo "2617"]
[BlackElo "2499"]
[EventDate "2017.05.30"]
[PlyCount "53"]

1.Nf3 d5 2.c4 d4 3.b4 g6 4.d3 Bg7 5.g3 e5 6.Nbd2 Ne7 7.Bg2 O-O 8.O-O h6 9.
a4 g5 10.Nb3 Ng6 11.b5 f5 12.Nfd2 c6 13.Ba3 Re8 14.Rb1 Qc7 15.e4 f4 16.Qh5
Qf7 17.Bh3 Bxh3 18.Qxh3 Bf8 19.Bxf8 Qxf8 20.c5 a6 21.b6 Re7 22.Na5 Nd7 23.
Nxb7 Nf6 24.Qf5 Qg7 25.Nd6 Rf8 26.b7 Rb8 27.Qc8+ 1-0

[Event "14th EUR-ch"]
[Site "Minsk BLR"]
[Date "2017.06.01"]
[Round "3.56"]
[White "Iljiushenok, Ilia"]
[Black "Banusz, Tamas"]
[Result "1/2-1/2"]
[WhiteElo "2489"]
[BlackElo "2616"]
[EventDate "2017.05.30"]
[PlyCount "48"]

1.e4 e5 2.Nc3 Nf6 3.g3 d5 4.exd5 Nxd5 5.Bg2 Nxc3 6.bxc3 Nc6 7.Nf3 Bc5 8.
O-O O-O 9.d3 Bg4 10.h3 Bh5 11.Qe1 f6 12.Nd2 Bf7 13.Qe4 Qd7 14.Rb1 Bb6 15.
Qa4 Rfd8 16.Nb3 Rab8 17.Ba3 Na5 18.Qxd7 Rxd7 19.Nxa5 Bxa5 20.c4 b6 21.Bc6 
Rdd8 22.Be7 Rd4 23.Bc5 Rdd8 24.Be7 Rd4 1/2-1/2

[Event "14th EUR-ch"]
[Site "Minsk BLR"]
[Date "2017.06.01"]
[Round "3.57"]
[White "Khegay, Dmitriy"]
[Black "Erdos, Viktor"]
[Result "1/2-1/2"]
[WhiteElo "2482"]
[BlackElo "2614"]
[EventDate "2017.05.30"]
[PlyCount "30"]

1.Nf3 d5 2.d4 Nf6 3.c4 c6 4.e3 Bf5 5.Nc3 a6 6.Ne5 Nbd7 7.Qb3 Qc7 8.cxd5 
Nxe5 9.dxe5 Nxd5 10.Nxd5 cxd5 11.Bd2 Qxe5 12.Rc1 Bd7 13.Bc3 Qc7 14.Qxd5 
Bc6 15.Qg5 h6 1/2-1/2

[Event "14th EUR-ch"]
[Site "Minsk BLR"]
[Date "2017.06.01"]
[Round "3.58"]
[White "Melkumyan, Hrant"]
[Black "Potapov, Pavel"]
[Result "1-0"]
[WhiteElo "2613"]
[BlackElo "2497"]
[EventDate "2017.05.30"]
[PlyCount "93"]

1.d4 f5 2.Nc3 Nf6 3.Bg5 d5 4.Nf3 e6 5.e3 Be7 6.Bd3 O-O 7.O-O Bd7 8.Ne2 Nc6
9.a3 h6 10.Bxf6 Bxf6 11.c4 Ne7 12.Ne5 c6 13.b4 Be8 14.Qb3 g5 15.Rac1 Ng6 
16.f4 Be7 17.a4 Qd6 18.b5 Qb4 19.Qc2 Nxe5 20.dxe5 Bc5 21.Nd4 Bxd4 22.exd4 
dxc4 23.Bxc4 Bf7 24.bxc6 bxc6 25.Qf2 Rad8 26.Rfd1 Rd7 27.Be2 Rfd8 28.Rc4 
Qb2 29.fxg5 hxg5 30.Bf3 Qb3 31.Rdc1 Qa3 32.Qd2 f4 33.h3 Rxd4 34.Rxd4 Rxd4 
35.Qxd4 Qxc1+ 36.Kh2 c5 37.Qd8+ Kg7 38.Qxg5+ Kf8 39.Qd8+ Kg7 40.Qg5+ Kf8 
41.Qh6+ Ke7 42.Qf6+ Ke8 43.Qh8+ Ke7 44.Qb8 Bg6 45.Qd6+ Kf7 46.Qd7+ Kf8 47.
Qxe6 1-0

[Event "14th EUR-ch"]
[Site "Minsk BLR"]
[Date "2017.06.01"]
[Round "3.59"]
[White "Alekseev, Evgeny"]
[Black "Teterev, Vitaly"]
[Result "1/2-1/2"]
[WhiteElo "2610"]
[BlackElo "2487"]
[EventDate "2017.05.30"]
[PlyCount "89"]

1.d4 Nf6 2.Bf4 c5 3.d5 d6 4.Nc3 a6 5.a4 e5 6.Bc1 Bf5 7.g3 h6 8.Bg2 e4 9.f3
Qe7 10.fxe4 Bh7 11.Nh3 Nxe4 12.O-O Nxc3 13.bxc3 Nd7 14.c4 Ne5 15.Nf4 Nxc4 
16.e4 g6 17.Qe2 Bg7 18.Rb1 Ne5 19.Nd3 g5 20.Bh3 O-O 21.Bf5 Bxf5 22.Rxf5 
Ng6 23.Bb2 c4 24.Bxg7 Kxg7 25.Nf2 Ne5 26.Nd1 b5 27.axb5 axb5 28.Rxb5 Qa7+ 
29.Kg2 Qd4 30.Rb1 Ra2 31.Kf1 Rfa8 32.Qe3 Qxe3 33.Nxe3 c3 34.Rb3 R8a4 35.
Rf2 Rxe4 36.Rxc3 Rxe3 37.Rxe3 Ng4 38.Ree2 Nxf2 39.Kxf2 Kf6 40.Ke3 Ke5 41.
Kd3+ Kf6 42.Re8 Ra1 43.Rh8 Ke5 44.Rxh6 Rd1+ 45.Ke2 1/2-1/2

[Event "14th EUR-ch"]
[Site "Minsk BLR"]
[Date "2017.06.01"]
[Round "3.60"]
[White "Ali Marandi, Cemil Can"]
[Black "Onischuk, Vladimir"]
[Result "0-1"]
[WhiteElo "2479"]
[BlackElo "2608"]
[EventDate "2017.05.30"]
[PlyCount "88"]

1.e4 d6 2.d4 Nf6 3.Nc3 g6 4.f4 Bg7 5.Nf3 O-O 6.a3 c5 7.dxc5 Qa5 8.b4 Qc7 
9.Bd2 dxc5 10.e5 Nh5 11.Nd5 Qd8 12.Be3 Be6 13.c4 Na6 14.Qd2 Bg4 15.b5 Nc7 
16.Be2 Nxd5 17.cxd5 f6 18.e6 f5 19.Rd1 Qd6 20.O-O Nf6 21.Ng5 Bxe2 22.Qxe2 
Nxd5 23.Qf3 Rad8 24.Kh1 Bf6 25.Nf7 Rxf7 26.exf7+ Kxf7 27.Rfe1 e6 28.Bc1 c4
29.Qe2 c3 30.a4 h5 31.Ba3 Qd7 32.Qc2 Qc7 33.Qf2 b6 34.Bc1 Qc4 35.Qf3 a6 
36.bxa6 Qxa6 37.Be3 c2 38.Rc1 Rc8 39.Bd2 Qxa4 40.Qe2 Rc6 41.Qd3 Qd4 42.Qe2
Qc4 43.Qf2 Bb2 44.Qh4 Nf6 0-1

[Event "14th EUR-ch"]
[Site "Minsk BLR"]
[Date "2017.06.01"]
[Round "3.61"]
[White "Goryachkina, Aleksandra"]
[Black "Mista, Aleksander"]
[Result "1/2-1/2"]
[WhiteElo "2470"]
[BlackElo "2606"]
[EventDate "2017.05.30"]
[PlyCount "124"]

1.d4 Nf6 2.c4 g6 3.Nf3 Bg7 4.g3 d5 5.Bg2 e6 6.O-O O-O 7.Nc3 b6 8.cxd5 exd5
9.Ne5 Bb7 10.Bf4 Qe7 11.Rc1 Rd8 12.Nd3 Na6 13.Be5 Bh6 14.Bf4 Bg7 15.Be5 
Bh6 16.Bf4 Bf8 17.Qa4 Ne4 18.Rfd1 Nxc3 19.Rxc3 c5 20.Be3 c4 21.Nf4 Nc7 22.
Rcc1 Bc8 23.Qc2 Bf5 24.Qd2 a5 25.f3 Re8 26.Bf2 Qd7 27.a3 b5 28.Re1 b4 29.
e4 Be6 30.exd5 Nxd5 31.Nxe6 Rxe6 32.Rxe6 Qxe6 33.f4 Rc8 34.axb4 Bxb4 35.
Qd1 c3 36.Bxd5 Qxd5 37.Qd3 Qf5 38.Qxf5 gxf5 39.bxc3 Rxc3 40.Rxc3 Bxc3 41.
d5 Kf8 42.Kf1 Ke8 43.Ke2 a4 44.Kd3 Bf6 45.Kc4 a3 46.Kb3 Kd7 47.Kxa3 Kd6 
48.Kb3 Kxd5 49.Kc2 Ke4 50.Kd2 Kf3 51.Ke1 Kg2 52.Bc5 h5 53.Ke2 Bd8 54.Bd4 
Bc7 55.Be3 Bd6 56.Ke1 Kxh2 57.Kf2 Bb4 58.Bd4 Kh3 59.Be3 Kg4 60.Bd4 Bd2 61.
Bc5 Bxf4 62.gxf4 Kxf4 1/2-1/2

[Event "14th EUR-ch"]
[Site "Minsk BLR"]
[Date "2017.06.01"]
[Round "3.62"]
[White "Rozum, Ivan"]
[Black "Schreiner, Peter"]
[Result "1/2-1/2"]
[WhiteElo "2606"]
[BlackElo "2483"]
[EventDate "2017.05.30"]
[PlyCount "42"]

1.d4 Nf6 2.c4 g6 3.Nc3 d5 4.cxd5 Nxd5 5.Bd2 Bg7 6.e4 Nxc3 7.Bxc3 O-O 8.Qd2
c5 9.d5 Bxc3 10.bxc3 e6 11.Bc4 b5 12.Bxb5 exd5 13.exd5 Bb7 14.Rd1 Nd7 15.
Nf3 Nb6 16.O-O Bxd5 17.Qf4 Qb8 18.Qf6 Qd8 19.Qe5 Qb8 20.Qf6 Qd8 21.Qf4 Qb8
1/2-1/2

[Event "14th EUR-ch"]
[Site "Minsk BLR"]
[Date "2017.06.01"]
[Round "3.63"]
[White "Moroni, Luca jr"]
[Black "Oparin, Grigoriy"]
[Result "1-0"]
[WhiteElo "2448"]
[BlackElo "2604"]
[EventDate "2017.05.30"]
[PlyCount "61"]

1.c4 c5 2.Nf3 Nc6 3.d4 cxd4 4.Nxd4 Nf6 5.Nc3 e6 6.a3 Bc5 7.Nb3 Bb6 8.c5 
Bc7 9.e4 b6 10.Be3 O-O 11.Be2 Rb8 12.Qc2 bxc5 13.Nxc5 Be5 14.Rd1 Qc7 15.b4
d6 16.N5a4 Bd7 17.Nb5 Rxb5 18.Bxb5 Qb7 19.Bxc6 Bxc6 20.f3 Rc8 21.Rc1 Bd7 
22.Qd1 Rxc1 23.Bxc1 Nxe4 24.Bb2 h5 25.Bxe5 dxe5 26.Nc5 Nxc5 27.bxc5 e4 28.
O-O exf3 29.Rxf3 e5 30.Qb3 Bb5 31.a4 1-0

[Event "14th EUR-ch"]
[Site "Minsk BLR"]
[Date "2017.06.01"]
[Round "3.64"]
[White "Pashikian, Arman"]
[Black "Kantans, Toms"]
[Result "1/2-1/2"]
[WhiteElo "2603"]
[BlackElo "2473"]
[EventDate "2017.05.30"]
[PlyCount "111"]

1.d4 Nf6 2.Nf3 g6 3.c4 Bg7 4.Nc3 d5 5.h4 dxc4 6.e4 c5 7.d5 b5 8.h5 O-O 9.
hxg6 fxg6 10.e5 Ng4 11.d6 e6 12.Rxh7 Nc6 13.Rxg7+ Kxg7 14.Bg5 Qa5 15.d7 
Bb7 16.Qd6 b4 17.Ne4 b3+ 18.Nc3 Rxf3 19.gxf3 Ngxe5 20.d8=Q Nxf3+ 21.Kd1 
Rxd8 22.Bxd8 Nxd8 23.Qe7+ Nf7 24.Bh3 Bd5 25.Ke2 Nd4+ 26.Kf1 Nc6 27.Qh4 Qc7
28.Bg2 Nb4 29.a3 Bxg2+ 30.Kxg2 Nd3 31.Qxc4 Nfe5 32.Qe4 Nxb2 33.Rb1 Ned3 
34.Kg1 Qf7 35.Qe2 Qf6 36.Qd2 Qd4 37.Rxb2 Nxb2 38.Qxb2 c4 39.Qc1 e5 40.Qg5 
Kf7 41.Qg3 b2 42.Kg2 Ke7 43.Qf3 e4 44.Qg3 Qxc3 45.Qxc3 b1=Q 46.Qe5+ Kf7 
47.Qc7+ Kf6 48.Qd6+ Kf5 49.Qd5+ Kg4 50.Qe6+ Kh5 51.Qe5+ g5 52.Qe8+ Kh6 53.
Qe6+ Kg7 54.Qe7+ Kg6 55.Qe6+ Kg7 56.Qe7+ 1/2-1/2

[Event "14th EUR-ch"]
[Site "Minsk BLR"]
[Date "2017.06.01"]
[Round "3.65"]
[White "Neiksans, Arturs"]
[Black "Girya, Olga"]
[Result "1/2-1/2"]
[WhiteElo "2599"]
[BlackElo "2476"]
[EventDate "2017.05.30"]
[PlyCount "81"]

1.c4 c6 2.Nf3 d5 3.e3 Nf6 4.Nc3 e6 5.b3 Bd6 6.d4 Nbd7 7.Bb2 O-O 8.Be2 b6 
9.Qc2 Bb7 10.O-O Qe7 11.Rad1 Rad8 12.Rfe1 Rfe8 13.Bf1 Qf8 14.g3 Ba3 15.
Bxa3 Qxa3 16.cxd5 exd5 17.Bg2 Re7 18.Rc1 Rde8 19.Red1 g6 20.Ne2 Ne4 21.Nf4
Rc8 22.Nd3 Rc7 23.Qb2 Qxb2 24.Nxb2 Nf8 25.Nd2 f5 26.Nd3 Ne6 27.b4 Ba6 28.
Nb3 Bxd3 29.Rxd3 Re8 30.Nd2 Ra8 31.Bf1 N6g5 32.Kg2 a5 33.Nxe4 Nxe4 34.Ra3 
Nd6 35.b5 Rac8 36.Rac3 c5 37.Be2 c4 38.a4 Ne4 39.R3c2 Re7 40.Bf1 Rce8 41.
Re1 1/2-1/2

[Event "14th EUR-ch"]
[Site "Minsk BLR"]
[Date "2017.06.01"]
[Round "3.66"]
[White "Fedorov, Alexei"]
[Black "Neverov, Valeriy"]
[Result "1/2-1/2"]
[WhiteElo "2598"]
[BlackElo "2472"]
[EventDate "2017.05.30"]
[PlyCount "41"]

1.e4 c5 2.d3 Nc6 3.f4 g6 4.Nf3 Bg7 5.Be2 d6 6.O-O f5 7.c3 e6 8.Na3 Nge7 9.
Qb3 O-O 10.Bd2 Rb8 11.Ng5 d5 12.e5 b5 13.Qd1 a5 14.Nc2 d4 15.cxd4 cxd4 16.
Qe1 h6 17.Nf3 Qb6 18.b4 a4 19.Qf2 Rd8 20.Rfc1 Bb7 21.a3 1/2-1/2

[Event "14th EUR-ch"]
[Site "Minsk BLR"]
[Date "2017.06.01"]
[Round "3.67"]
[White "Kulaots, Kaido"]
[Black "Santos Ruiz, Miguel"]
[Result "0-1"]
[WhiteElo "2597"]
[BlackElo "2473"]
[EventDate "2017.05.30"]
[PlyCount "100"]

1.e4 c5 2.Nf3 d6 3.d4 cxd4 4.Nxd4 Nf6 5.Nc3 a6 6.Bg5 e6 7.f4 h6 8.Bh4 Qb6 
9.a3 Be7 10.Bf2 Qc7 11.Qf3 Nbd7 12.O-O-O b5 13.g4 Bb7 14.Bg2 g5 15.Qh3 
O-O-O 16.Ndxb5 axb5 17.Nxb5 Qc4 18.Na7+ Kb8 19.Rd4 Qa6 20.Rb4 Nc5 21.e5 
Nfe4 22.Bxc5 dxc5 23.Nc6+ Qxc6 24.Bxe4 cxb4 25.Bxc6 Bxc6 26.Rf1 bxa3 27.f5
a2 28.Qb3+ Kc7 29.Qxa2 Ra8 30.Qc4 Ra4 31.Qe2 Ra1+ 32.Kd2 Bb4+ 33.Kd3 Rd8+ 
34.Kc4 Ra4 35.Ra1 Ba3+ 36.Kc3 Bxb2+ 37.Kxb2 Rb8+ 38.Kc3 Rxa1 39.Qc4 Ra3+ 
40.Kd2 Rd8+ 41.Ke2 Rd5 42.Qb4 Rxe5+ 43.Kd2 Rd5+ 44.Ke2 Ra4 45.Qe7+ Rd7 46.
Qc5 Rxg4 47.f6 Re4+ 48.Kf2 Kb7 49.c4 Rd2+ 50.Kf1 Rd3 0-1

[Event "14th EUR-ch"]
[Site "Minsk BLR"]
[Date "2017.06.01"]
[Round "3.68"]
[White "Bogdanovich, Stanislav"]
[Black "Lavrov, Maxim"]
[Result "1-0"]
[WhiteElo "2596"]
[BlackElo "2369"]
[EventDate "2017.05.30"]
[PlyCount "95"]

1.d4 Nf6 2.c4 d6 3.Nf3 Nbd7 4.Nc3 e5 5.e4 Be7 6.g3 O-O 7.Bg2 c6 8.O-O a6 
9.c5 exd4 10.cxd6 dxc3 11.Re1 Ne5 12.dxe7 Qxe7 13.Nxe5 Qxe5 14.Bf4 Qa5 15.
Qb3 cxb2 16.Qxb2 Re8 17.a4 Qh5 18.a5 Bh3 19.Bh1 Re7 20.Bd6 Rd7 21.e5 Nd5 
22.Ra4 Qg6 23.Rh4 Bf5 24.Bf3 Re8 25.Ra1 Qe6 26.Rd4 h6 27.Rad1 Nc7 28.g4 
Bg6 29.Be2 Nd5 30.Bc4 Rxd6 31.exd6 Be4 32.h3 Bf3 33.Bxd5 cxd5 34.Rf1 Qxd6 
35.Qxb7 h5 36.Qb6 Qe5 37.Rd3 hxg4 38.Re3 Be4 39.hxg4 Qg5 40.f3 Re6 41.Qb8+
Kh7 42.Kf2 Rh6 43.fxe4 Rf6+ 44.Rf3 Qd2+ 45.Kg1 Qd4+ 46.Kg2 Qxe4 47.Rh1+ 
Kg6 48.Rh6+ 1-0

[Event "14th EUR-ch"]
[Site "Minsk BLR"]
[Date "2017.06.01"]
[Round "3.69"]
[White "Minko, Vladimir"]
[Black "Buhmann, Rainer"]
[Result "0-1"]
[WhiteElo "2438"]
[BlackElo "2596"]
[EventDate "2017.05.30"]
[PlyCount "84"]

1.d4 Nf6 2.c4 e6 3.g3 d5 4.Nf3 dxc4 5.Bg2 c6 6.a4 Bb4+ 7.Nc3 O-O 8.O-O 
Nbd7 9.Qc2 a5 10.Rd1 Qe7 11.Na2 Bd6 12.Qxc4 e5 13.Nc3 Re8 14.Qb3 h6 15.d5 
Nc5 16.Qc4 cxd5 17.Nxd5 Nxd5 18.Qxd5 Be6 19.Bg5 hxg5 20.Qxd6 Nb3 21.Qxe7 
Rxe7 22.Ra3 f6 23.Rd6 Nc5 24.Nd2 Ra6 25.Rd8+ Kf7 26.Bd5 Rb6 27.b3 Rb4 28.
Kf1 b6 29.f3 Rc7 30.Bxe6+ Nxe6 31.Rd3 Rc1+ 32.Kf2 Nc5 33.Rd6 Ke7 34.Rd5 
Rd1 35.e4 g4 36.Ke2 Rh1 37.fxg4 Rxh2+ 38.Ke3 Rd4 39.Rxc5 bxc5 40.Nf3 Rg2 
41.Nxd4 exd4+ 42.Kd3 Kd6 0-1

[Event "14th EUR-ch"]
[Site "Minsk BLR"]
[Date "2017.06.01"]
[Round "3.70"]
[White "Balashov, Yury"]
[Black "Pantsulaia, Levan"]
[Result "0-1"]
[WhiteElo "2408"]
[BlackElo "2594"]
[EventDate "2017.05.30"]
[PlyCount "82"]

1.d4 Nf6 2.c4 c5 3.d5 e6 4.Nc3 exd5 5.cxd5 d6 6.Nf3 g6 7.Bg5 h6 8.Bh4 Bg7 
9.e3 O-O 10.Nd2 Na6 11.Nc4 Nc7 12.a4 b6 13.Be2 Ba6 14.O-O Qd7 15.h3 Rfe8 
16.Bg3 Bxc4 17.Bxc4 Ne4 18.Nxe4 Rxe4 19.Qc2 Rae8 20.Rac1 a6 21.b3 R4e7 22.
Rcd1 Be5 23.f4 Bf6 24.Bf2 b5 25.axb5 axb5 26.Be2 Rxe3 27.Bxe3 Rxe3 28.Rd3 
Qe7 29.Rxe3 Qxe3+ 30.Kh1 Bd4 31.f5 g5 32.Bf3 Be5 33.g4 Nxd5 34.Bxd5 Qxh3+ 
35.Kg1 Bd4+ 36.Rf2 Qxg4+ 37.Bg2 Qf4 38.Kf1 Bxf2 39.Qxf2 Qc1+ 40.Ke2 Qc2+ 
41.Ke1 Qb1+ 0-1

[Event "14th EUR-ch"]
[Site "Minsk BLR"]
[Date "2017.06.01"]
[Round "3.71"]
[White "Jobava, Baadur"]
[Black "Sarana, Alexei"]
[Result "0-1"]
[WhiteElo "2713"]
[BlackElo "2472"]
[EventDate "2017.05.30"]
[PlyCount "65"]

1.e4 c5 2.Nf3 d6 3.d4 cxd4 4.Nxd4 Nf6 5.Nc3 a6 6.Bg5 Nbd7 7.Qe2 h6 8.Bxf6 
Nxf6 9.O-O-O e5 10.Nf5 g6 11.Ne3 Be6 12.Kb1 Rc8 13.Ned5 Bg7 14.h4 h5 15.g3
Nxd5 16.Nxd5 Rc5 17.Ne3 Qd7 18.Qd3 Rc6 19.Be2 f5 20.Bf3 Rb6 21.b3 O-O 22.
exf5 gxf5 23.Bd5 e4 24.Qc4 Bf7 25.a4 Kh7 26.Bxf7 Rxf7 27.Ka2 Rf8 28.Rd5 
Rc8 29.Qe2 Rb4 30.Ra5 Rc5 31.Ka3 Rxa5 32.Kxb4 Qc6 33.Qc4 0-1

[Event "14th EUR-ch"]
[Site "Minsk BLR"]
[Date "2017.06.01"]
[Round "3.72"]
[White "Zawadzka, Jolanta"]
[Black "Korobov, Anton"]
[Result "1/2-1/2"]
[WhiteElo "2419"]
[BlackElo "2688"]
[EventDate "2017.05.30"]
[PlyCount "52"]

1.e4 c5 2.Nf3 Nc6 3.d4 cxd4 4.Nxd4 Qb6 5.Nb3 Nf6 6.Nc3 e6 7.Qe2 Bb4 8.Bd2 
O-O 9.a3 Be7 10.O-O-O d5 11.exd5 Nxd5 12.g3 Bf6 13.Ne4 Bd4 14.Nxd4 Nxd4 
15.Qc4 Nf3 16.Bg2 Nxd2 17.Rxd2 Bd7 18.Qc5 Qa6 19.Nd6 Bc6 20.Rhd1 Rad8 21.
Bxd5 Bxd5 22.Nf5 exf5 23.Rxd5 Rxd5 24.Rxd5 g6 25.Kb1 Re8 26.Qd4 h5 1/2-1/2